Pokémon Pokérap Quiz - Statistics

General Stats
  • This quiz has been taken 235 times
  • The average score is 24 of 40
Answer Stats
Lyrics Pokemon % Correct
Electrode, Diglett, Nidoran Mankey
94%
Venusaur, Rattatta, Fearow Pidgey
92%
Ponyta, Vaporeon, Poliwrath Butterfree
81%
Seaking, Jolteon, Dragonite Gastly
77%
Venomoth, Poliwag, Nidorino Golduck
74%
Zubat, Primeape, Meowth Onix
73%
Geodude, Rapidash, Magneton Snorlax
71%
Kingler, Rhyhorn, Clefable Wigglytuff
71%
Ivysaur, Grimer, Victreebel Moltres
69%
Nidoking, Farfetch'd, Abra Jigglypuff
68%
Bulbasaur, Charmander, Golem Pikachu
65%
Charmeleon Wartortle
64%
Mewtwo, Tentacruel Aerodactyl
63%
Raticate, Magnemite, Kadabra Weepinbell
63%
Kabuto, Persian, Paras Horsea
62%
Weezing, Seel, Gyarados Slowbro
62%
Gengar, Tangela, Goldeen Spearow
62%
Omanyte Slowpoke
61%
Pidgeot Arbok
58%
Ditto, Cloyster, Caterpie Sandshrew
58%
Raichu, Nidoqueen, Bellsprout Starmie
58%
Articuno, Jynx, Nidorina Beedrill
57%
Metapod, Marowak, Kakuna Clefairy
55%
Blastoise, Poliwhirl, Oddish Drowzee
55%
Machop, Shellder, Porygon Hitmonchan
55%
Kangaskhan, Hypno, Electabuzz Flareon
52%
Dodrio, Seadra, Vileplume Krabby
52%
Alakazam, Doduo, Venonat Machoke
52%
Pidgeotto, Lapras, Vulpix Rhydon
52%
Scyther, Tentacool, Dragonair Magmar
51%
Ninetales, Ekans Omastar
51%
Haunter, Squirtle Chansey Pokemon!
50%
Lickitung, Tauros, Weedle Nidoran
50%
Parasect, Exeggcute, Muk Dewgong
47%
Sandslash, Hitmonlee, Psyduck Arcanine
46%
Graveler, Voltorb Gloom
45%
Charizard, Machamp, Pinsir Koffing
45%
Dugtrio, Golbat, Staryu Magikarp
45%
Dratini, Growlithe, Mr. Mime Cubone
44%
Eevee, Exeggutor, Kabutops Zapdos
37%
No matching quizzes found
Score Distribution
Percent of People with Each Score
Percentile by Number Answered
Your Score History
You have not taken this quiz